Navigácia na webe so sémantikou s využitím adaptívnych pohľadov

Guardado en:
Detalles Bibliográficos
Autor principal: Rástočný, Karol (Autor)
Otros Autores: Tvarožek, Michal, 1983- (xxx)
Formato: Manuscrito Libro
Lenguaje:eslovaco
Publicado: Bratislava : STU v Bratislave FIIT, 2011
Materias:
Acceso en línea:VAIS
Etiquetas: Agregar Etiqueta
Sin Etiquetas, Sea el primero en etiquetar este registro!

MARC

LEADER 00000ntm a22000003a 4500
001 stu232613
005 20150924173111.7
008 110730s2011----xo------------------slo-d
040 |a STU  |b slo 
041 0 |a slo 
044 |a xo 
100 1 |a Rástočný, Karol  |4 aut  |u I200  |U FIIT Fakulta informatiky a informačných technológií  |T FIIT Ústav informatiky a softvérového inžinierstva  |X 36279  |U I200  |Y 179  |7 36279 
242 0 0 |a Semantic Web Navigation Based on Adaptive Views  |y eng 
245 1 |a Navigácia na webe so sémantikou s využitím adaptívnych pohľadov 
260 |a Bratislava :  |b STU v Bratislave FIIT,  |c 2011 
300 |a 64 s 
650 7 |a user model  |2 estusub 
650 7 |a navigation  |2 estusub 
650 7 |a model používateľa  |2 stusub 
650 7 |a navigácia  |2 stusub 
650 7 |a softvérové inžinierstvo  |2 stusub 
650 7 |a Software Engineering  |2 estusub 
700 1 |a Tvarožek, Michal,  |d 1983-  |4 xxx  |u I200  |U FIIT Fakulta informatiky a informačných technológií  |T FIIT Ústav informatiky a softvérového inžinierstva  |X 17567  |U I200  |Y 179  |7 17567 
856 4 |a info a plný text  |u http://is.stuba.sk/zp/portal_zp.pl?podrobnosti=72035  |3 VAIS 
996 |b IDP120/11  |c I*DP120/11  |l II680  |s A  |a 24  |w stu232613_0001